| 000 | 00698nam a2200217Ia 4500 | ||
|---|---|---|---|
| 003 | GCL | ||
| 008 | 140319s9999 xx 000 0 ara d | ||
| 040 |
_aGCL / _cGCL |
||
| 082 | 0 | 4 |
_a001.55 _bع ا |
| 100 | 1 | _aعبدالمجيد شكرى | |
| 245 | 1 | 0 |
_aالاعلام المحلى : _bرؤية مستقبلية / _cعبدالمجيد شكرى |
| 250 | _aالاولى | ||
| 260 |
_aالقاهرة : _bالعربى للنشر والتوزيع ، _c1995 |
||
| 300 | _a154 ص | ||
| 490 |
_aدراسات فى الاعلام _v0 |
||
| 650 | 0 | 4 | _aالصحافة |
| 650 | 0 | 4 | _aوسائل الاعلام |
| 650 | 0 | 4 | _aالاذاعة |
| 650 | 0 | 4 | _aالدعاية الاذاعية |
| 942 |
_2ddc _cBK |
||
| 999 |
_c47966 _d47966 |
||